| 000 -Cabecera (24) |
| Campo de control interno |
00710nam a22002414a 4500 |
| 001 - Número de control |
| Campo de control |
ESSALUD |
| 007 - Tipo material - Descripcion fisica - info general |
| Tipo material |
ta |
| 008 - Códigos de longitud fija (40p) |
| Campo de control de longitud fija |
t2011 pe gr 00| 0 spa d |
| 040 ## - Origen de la Catalogacion |
| Origen de la Catalogacion |
ESSALUD |
| 041 ## - Código de idioma (R) |
| Código de lengua del texto/banda sonora o título independiente (R) |
spa |
| 043 ## - Pais ISO |
| País ISO |
pe |
| 082 ## - Número de la Clasificación |
| Clasificación Dewey |
338.911 |
| Codigo Cutter |
N12/2012-2016 |
| 110 ## - Autor Corporativo |
| Nombre de entidad corporativa o nombre de jurisdicción como elemento inicial (NR |
Sistema de las Naciones Unidas en el Perú |
| Rol del autor |
autor |
| 9 (RLIN) |
51956 |
| 245 ## - Titulo |
| Titulo |
Marco de asistencia para el desarrollo del Sistema de las Naciones Unidas en el Perú 2012-2016 |
| 250 ## - Mencion de edicion |
| Mencion de edicion |
1 ed. |
| 260 ## - Editorial |
| Ciudad |
Lima : |
| Nombre de la Editorial |
ONU, |
| Fecha |
2011 |
| 300 ## - Descripcion |
| Páginas |
39 páginas |
| 650 ## - Temas - Descriptores |
| Temas - Descriptores |
DESARROLLO ECONÓMICO |
| 650 ## - Temas - Descriptores |
| Temas - Descriptores |
DESARROLLO SOSTENIBLE |
| 9 (RLIN) |
5156 |
| 650 ## - Temas - Descriptores |
| Temas - Descriptores |
COOPERACIÓN INTERNACIONAL |
| 9 (RLIN) |
2371 |
| 650 ## - Temas - Descriptores |
| Temas - Descriptores |
PERÚ |
| 9 (RLIN) |
13 |
| 942 ## - Datos personalizados Koha |
| Tipo de Documento |
Libros |
| Fecha procesamiento |
2026-06-23 |
| Documentalista |
AFC |